Choose the real funny town names - Statistics

General Stats
  • This quiz has been taken 138 times
  • The average score is 2 of 16
Answers on the Grid
Answers color-coded by a green-red scale on the quiz's grid according to % correct below.
Goofy Ridge, Illinois
Nope, Washington
Barfsburg, Montana
Halfway, Oregon
What Cheer, Iowa
Nextup, Oklahoma
Big Booty, Delaware
Embarrass, Wisconsin
Funny Looking, Florida
Zzyzx, California
Augh, Ohio
Bitter End, Tennessee
Accident, Maryland
Why, Arizona
Plastic Bag, Utah
Whatdaheck, Michigan
Form, Rhode Island
Melted Candle, Hawaii
Hell, Michigan
Unalaska, Alaska
Silly, New Jersey
Rough and Ready, Texas
Whynot, North Carolina
Crwth, Massachusetts
Boilerplate, Indiana
Faux, North Dakota
Hot Coffee, Mississippi
Weeooo, Kansas
Bacon Level, Alabama
Broughtup, Pennsylvania
Handsome Eddy, New York
Atomic City, Idaho
 
Answer Stats
Answer % Correct
Goofy Ridge, Illinois
44%
Zzyzx, California
25%
Hell, Michigan
24%
Accident, Maryland
18%
What Cheer, Iowa
18%
Bitter End, Tennessee
16%
Embarrass, Wisconsin
15%
Halfway, Oregon
15%
Why, Arizona
13%
Rough and Ready, Texas
12%
Unalaska, Alaska
12%
Whynot, North Carolina
10%
Atomic City, Idaho
9%
Handsome Eddy, New York
7%
Hot Coffee, Mississippi
6%
Bacon Level, Alabama
4%
No matching quizzes found
Score Distribution
Percent of People with Each Score
Percentile by Number Answered
Your Score History
You have not taken this quiz